000 01000cam a2200229 4500
001 B1949
008 090401t1988 xxu||||| |||| 00| 0 eng d
035 _a(Sirsi) u47249
041 _aeng
050 _a346.41043
245 4 _aThe Blundell memorial lectures (1988): current problems in property law. Under the auspices of the General Council of the Bar , the Law Society and the Royal Institution of Chartered Surveyors
260 _aLondon
_bInstitution and College Conferences
_c1988
300 _a150p. ; 30cm.
350 _a28
520 _aPapers:- Options / Neuberger,D. Bassett,J. - The effect of the Use Classes Order 1987/ Gatenby,I. Reynolds,K. - Landlord and Tenant Act 1987 / Israel,J. Norman,L. - An update on the Financial Services Act/ Williams,P. Ellingham,H.
650 _aFINANCIAL SERVICES ACT 1986
650 _aLEASES
650 _aSTATUTORY INSTRUMENT 1987-NO 764
650 _aTOWN AND COUNTRY PLANNING USE CLASSES ORDER 1987
942 _n0
948 _c04/03/1997
999 _c92085
_d92085